Paměť slonů

Hlavní autor: Horký, Roman, 1964-
Korporativní autor: Kamelot (hudební skupina : Česko)
Jazyk: Čeština
Vydáno: Praha : Venkow :Universal Music, p2001
Témata:
Fyzický popis: 1 zvuková deska (45:10) : digital ; 12 cm + 1 brožura [12 s.]
Zvukové nahrávky
Uloženo v:
LEADER 01450njm a2200361 a 4500
001 000595472
003 CZ BrMZK
005 20020429084154.0
007 sd fsngnnmmned
008 020416s2001 xr pp f d cze d
028 0 1 |a 013681-2  |b Venkow 
040 |a BOA001  |b cze 
047 |a pp 
048 |a od  |b vu 
080 |a (086.7)  |2 MRF 
080 |a 785.16  |2 MRF 
100 1 |a Horký, Roman,  |d 1964-  |7 js20020218012  |4 cmp  |4 lyr  |4 prf 
245 1 0 |a Paměť slonů  |h [zvukový záznam] 
260 |a Praha :  |b Venkow :  |b Universal Music,  |c p2001 
300 |a 1 zvuková deska (45:10) :  |b digital ;  |c 12 cm +  |e 1 brožura [12 s.] 
306 |a 004510 
500 |a Nahráno ve studiu "V" Zlín v lednu - únoru 2001 
500 |a Vydáno také na kazetě s objednacím číslem 013681-4 
500 |a Kompaktní deska 
500 |a Texty písní v brožuře 
505 0 0 |t Paměť slonů --  |t Dlouhá pláž --  |t Nenechám Tě nikdy odejít --  |t Zlatá klec --  |t Šeherezáda --  |t Zvíře --  |t Retrospektiva --  |t Když vlaky jedou --  |t Naproti v motorestu --  |t Legionář --  |t Král zbojníků --  |t Odplouváš 
511 0 |a Hraje a zpívá Roman Horký, Kamelot a hosté 
650 0 7 |a folkové písně  |7 ph224335  |2 czenas 
655 4 |a folk 
710 2 |a Kamelot (hudební skupina : Česko)  |7 ko2002149286  |4 prf 
910 |a BOA001  |b CD-0010.352 
990 |a AV 
996 6 |b 261H011255  |c CD-0010.352  |l MZK  |r Sklad / do 24 hodin  |n 0  |w 000595472  |u 000010  |a 1  |e BOA001  |j MZK50  |s P